[Event "Challenge"]
[Site "http://www.queenalice.com/game.php?id=316975"]
[Date "2007.12.8"]
[Round "-"]
[White "alterego"]
[Black "Saitosan"]
[Result "0-1"]
[WhiteElo "1776"]
[BlackElo "1734"]

1. d4 f5 2. Nf3 Nf6 3. g3 g6 4. Bg2 Bg7 5. O-O O-O 6. Nc3 c6 7. Bg5 h6 8. Bf4 g5
9. Be3 d5 10. Ne5 Qd6 11. Ng6 Rd8 12. Qd3 Ng4 13. Bd2 Qxg6 14. h3 Nf6 15. e4
fxe4 16. Qe3 c5 17. dxc5 d4 18. Qe2 dxc3 19. Qc4+ Qf7 20. Qxc3 Ng4 21. Qb4 Nc6
22. Qb3 Qxb3 23. axb3 Rxd2 24. hxg4 Bxg4 25. Rfe1 Bxb2 26. Ra4 Bd4 27. Rf1 Bf3
28. Rc4 Ne5 29. Rb4 Rf8 30. Rxb7 g4 31. Rxe7 Bxg2 32. Kxg2 Rfxf2+ 33. Rxf2 Rxf2+
34. Kg1 Nf3+ 35. Kh1 Rh2# 0-1

[Event "Let's Play Chess!"]
[Site "http://www.queenalice.com/game.php?id=317737"]
[Date "2007.12.10"]
[Round "-"]
[White "limone_br"]
[Black "Saitosan"]
[Result "0-1"]
[WhiteElo "1548"]
[BlackElo "1748"]

1. d4 d5 2. e3 Nf6 3. c4 c6 4. Nc3 e6 5. h3 Bb4 6. Bd2 O-O 7. Nf3 Bd6 8. c5 Bc7
9. Bd3 Nbd7 10. Ng5 e5 11. Qf3 h6 12. h4 Re8 13. Bh7+ Nxh7 14. Qxf7+ Kh8 15. Qg6
hxg5 16. hxg5 Nf8 17. Qf7 Bg4 18. g6 Re7 19. Rh4 Rxf7 20. gxf7 Qxh4 21. g3 Qh1#
0-1

[Event "Let's Play Chess!"]
[Site "http://www.queenalice.com/game.php?id=329387"]
[Date "2008.1.2"]
[Round "-"]
[White "sidclay"]
[Black "Saitosan"]
[Result "1-0"]
[WhiteElo "1726"]
[BlackElo "1756"]

1. e4 e6 2. d4 d5 3. Nc3 Bb4 4. e5 c5 5. a3 Bxc3+ 6. bxc3 Ne7 7. Qg4 O-O 8. h4
f5 9. exf6 Rxf6 10. Bg5 Qa5 11. Ne2 Rf7 12. Kd2 Nbc6 13. h5 e5 14. Qg3 cxd4 15.
h6 dxc3+ 16. Kd1 1-0

[Event "Challenge"]
[Site "http://www.queenalice.com/game.php?id=330297"]
[Date "2008.1.3"]
[Round "-"]
[White "iwanikow"]
[Black "Saitosan"]
[Result "1-0"]
[WhiteElo "1788"]
[BlackElo "1682"]

1. d4 Nf6 2. e3 c5 3. dxc5 e6 4. Nf3 Bxc5 5. Be2 Nc6 6. O-O d5 7. Nc3 O-O 8. b3
Qe7 9. Bb2 Rd8 10. a3 e5 11. Bb5 a6 12. Bxc6 bxc6 13. Qe2 Bg4 14. h3 Bh5 15. Na4
Bd6 16. Nb6 1-0

[Event "Challenge"]
[Site "http://www.queenalice.com/game.php?id=330625"]
[Date "2008.1.4"]
[Round "-"]
[White "Hugo_Gtz"]
[Black "Saitosan"]
[Result "0-1"]
[WhiteElo "1789"]
[BlackElo "1657"]

1. d4 Nf6 2. e3 c5 3. dxc5 e6 4. b4 a5 5. Qd2 axb4 6. Qxb4 Nc6 7. Qb5 Ra5 8. Qb6
Qxb6 9. cxb6 Nb4 10. Bd3 e5 11. e4 d5 12. exd5 e4 13. Bxe4 Nxe4 14. Na3 Rxa3 15.
Bxa3 Nxc2+ 16. Ke2 Nxa1 17. Bb2 Nc2 18. Nf3 Bd7 19. Rc1 Nb4 20. Bd4 Nxd5 21. Ne5
f6 22. Nxd7 Kxd7 23. f3 Ng5 24. a4 Bd6 25. a5 Re8+ 26. Kf2 Ne6 27. Ba1 Ra8 28.
g3 Rxa5 29. f4 Nc5 30. Rd1 Kc6 31. h4 f5 32. Bxg7 Ra2+ 33. Kf3 Ne4 34. Be5 Rf2#
0-1

[Event "Challenge"]
[Site "http://www.queenalice.com/game.php?id=331577"]
[Date "2008.1.6"]
[Round "-"]
[White "Pedro_tdi"]
[Black "Saitosan"]
[Result "1-0"]
[WhiteElo "1885"]
[BlackElo "1790"]

1. e4 e5 2. Nf3 Nc6 3. Bc4 Nf6 4. Nc3 Nxe4 5. Bxf7+ Kxf7 6. Nxe4 d5 7. Ng3 e4 8.
Ng1 Qh4 9. Qh5+ Qxh5 10. Nxh5 Nd4 11. Kf1 b6 12. Ne2 Nxe2 13. g3 Nxc1 14. Rxc1
Bd6 15. Rg1 g6 16. Nf4 1-0

[Event "Challenge"]
[Site "http://www.queenalice.com/game.php?id=331578"]
[Date "2008.1.6"]
[Round "-"]
[White "Saitosan"]
[Black "Pedro_tdi"]
[Result "0-1"]
[WhiteElo "1782"]
[BlackElo "1851"]

1. Nf3 Nc6 2. e4 e5 3. Bb5 d6 4. d4 a6 5. Bxc6+ bxc6 6. dxe5 d5 7. O-O Bg4 8.
Qd3 g6 9. exd5 Qxd5 10. Qe3 Bxf3 11. Nc3 Qe6 12. Qxf3 Bg7 0-1

[Event "Challenge"]
[Site "http://www.queenalice.com/game.php?id=333751"]
[Date "2008.1.9"]
[Round "-"]
[White "iwanikow"]
[Black "Saitosan"]
[Result "1-0"]
[WhiteElo "1774"]
[BlackElo "1713"]

1. e4 c5 2. c4 Nc6 3. d3 g6 4. Nf3 Bg7 5. Be2 d6 6. O-O Bg4 7. Nc3 Bxf3 8. Bxf3
e6 9. Be3 Nge7 10. Qb3 Rb8 11. Nb5 a6 12. Nc3 O-O 13. Ne2 1-0

[Event "Challenge"]
[Site "http://www.queenalice.com/game.php?id=339000"]
[Date "2008.1.19"]
[Round "-"]
[White "denzil"]
[Black "Saitosan"]
[Result "0-1"]
[WhiteElo "1838"]
[BlackElo "1698"]

1. d4 d5 2. c4 Nc6 3. Nc3 dxc4 4. Nf3 Nf6 5. Bg5 a6 6. e3 b5 7. Qc2 Nb4 8. Qd2
Nbd5 9. a4 Nxc3 10. Qxc3 Ne4 11. Qa5 Nxg5 12. Nxg5 e6 13. h4 h6 14. Nf3 c6 15.
axb5 Qxa5+ 16. Rxa5 Bb4+ 17. Kd1 Bxa5 18. bxc6 Rb8 19. Bxc4 Rxb2 20. Rf1 Rb1+
21. Ke2 Rxf1 22. Kxf1 Ke7 23. Ne5 Bc7 24. Nd3 a5 25. Ke2 f6 26. e4 Rd8 27. Ke3
Bb6 0-1

[Event "Let's Play Chess!"]
[Site "http://www.queenalice.com/game.php?id=376120"]
[Date "2008.3.24"]
[Round "-"]
[White "Saitosan"]
[Black "alterego"]
[Result "1-0"]
[WhiteElo "1737"]
[BlackElo "1732"]

1. e4 c5 2. Nf3 Nc6 3. d4 cxd4 4. Nxd4 g6 5. Nc3 Bg7 6. Be3 e5 7. Ndb5 a6 8.
Nd6+ Ke7 9. Bc5 Qc7 10. Ndb5+ Kd8 11. Nxc7 Kxc7 12. Nd5+ Kb8 13. Nb6 1-0

[Event "Let's Play Chess!"]
[Site "http://www.queenalice.com/game.php?id=376121"]
[Date "2008.3.24"]
[Round "-"]
[White "Tersio"]
[Black "Saitosan"]
[Result "0-1"]
[WhiteElo "1311"]
[BlackElo "1758"]

1. c4 e5 2. Nc3 Nf6 3. e4 Bb4 4. a3 Bxc3 5. bxc3 Nxe4 6. Nf3 d6 7. Qc2 Nf6 8. d4
Nc6 9. Be2 Bg4 10. d5 Ne7 11. Qa4+ c6 12. dxc6 Nxc6 13. Qc2 O-O 14. O-O h6 15.
h3 Bh5 16. Be3 Qc7 17. c5 d5 18. g4 Bg6 19. Qb3 Rab8 20. Nd2 Rfe8 21. f3 d4 22.
cxd4 exd4 23. Ne4 Nxe4 24. fxe4 Qg3+ 0-1

[Event "Challenge"]
[Site "http://www.queenalice.com/game.php?id=380903"]
[Date "2008.4.2"]
[Round "-"]
[White "toldowisk"]
[Black "Saitosan"]
[Result "1-0"]
[WhiteElo "2085"]
[BlackElo "1763"]

1. e4 e6 2. d4 d5 3. Nd2 c5 4. Ngf3 cxd4 5. Nxd4 Nf6 6. exd5 Qxd5 7. c3 Nc6 8.
N2f3 Bc5 9. Be2 a6 10. O-O Nxd4 11. cxd4 Be7 12. Ne5 O-O 13. Bc4 1-0

[Event "Let's Play Chess!"]
[Site "http://www.queenalice.com/game.php?id=404817"]
[Date "2008.5.18"]
[Round "-"]
[White "Saitosan"]
[Black "spawnwolfwolverine"]
[Result "1-0"]
[WhiteElo "1758"]
[BlackElo "1533"]

1. e4 e5 2. Nf3 d6 3. d4 exd4 4. Bc4 Bg4 5. Qxd4 Bxf3 6. gxf3 Nc6 7. Bb5 a6 8.
Bxc6+ bxc6 9. Nc3 c5 10. Qd5 Ra7 11. Be3 Nf6 12. Qd3 Be7 13. Rg1 O-O 14. O-O-O
a5 15. Rg2 g6 16. Rdg1 Nh5 17. Qd5 Bf6 18. Qxh5 Bxc3 19. bxc3 a4 20. Qd5 a3 21.
Rxg6+ hxg6 22. Rxg6+ Kh8 23. Qh5# 1-0

[Event "Let's Play Chess!"]
[Site "http://www.queenalice.com/game.php?id=404818"]
[Date "2008.5.18"]
[Round "-"]
[White "spawnwolfwolverine"]
[Black "Saitosan"]
[Result "0-1"]
[WhiteElo "1520"]
[BlackElo "1767"]

1. e4 e6 2. d3 d5 3. exd5 exd5 4. Be2 Bd6 5. Nf3 Bg4 6. O-O Ne7 7. Bg5 O-O 8. c3
Nd7 9. Bxe7 Qxe7 10. Nbd2 Rfe8 11. Re1 Qf6 12. d4 Re7 13. a3 Rae8 14. Bb5 c6 15.
Ba4 Qh6 16. Rxe7 Rxe7 17. h3 Bh5 18. g4 Bg6 19. b4 Qxh3 20. Qf1 Qxg4+ 21. Qg2
Qf4 22. b5 Nb6 23. Bb3 cxb5 24. a4 bxa4 25. Bxa4 Nxa4 26. Rxa4 a6 27. Nb3 Bc2
28. Nc5 Bxa4 29. Nxa4 Re6 30. Nc5 Rg6 31. Qxg6 hxg6 32. Nxb7 Qxf3 33. Nxd6 Qxc3
34. Nxf7 Qxd4 35. Nd6 a5 36. Kg2 a4 37. f4 a3 38. f5 a2 39. fxg6 a1=Q 40. Nf5
Qag1+ 41. Kh3 Qdg4# 0-1

[Event "Let's Play Chess!"]
[Site "http://www.queenalice.com/game.php?id=428797"]
[Date "2008.7.7"]
[Round "-"]
[White "Saitosan"]
[Black "dtrainey"]
[Result "1-0"]
[WhiteElo "1777"]
[BlackElo "1446"]

1. d4 d5 2. c4 dxc4 3. e3 Bf5 4. Bxc4 a6 5. Qb3 Be6 6. Bxe6 fxe6 7. Qxb7 Nd7 8.
Nf3 Qb8 9. Qxb8+ Rxb8 10. b3 c5 11. Nbd2 g6 12. Bb2 Bh6 13. Rc1 cxd4 14. Bxd4
Ngf6 15. Ke2 Rf8 16. h3 Kf7 17. Rc6 Nd5 18. Ra1 Nb4 19. Rc7 Nc2 20. Rxc2 g5 21.
Ne5+ Nxe5 22. Bxe5 Rb5 23. Bb2 Kg6 24. Rc6 Rd5 25. Rxe6+ Kf7 26. Rxh6 Rfd8 27.
Nc4 a5 28. Rxh7+ Ke6 29. Bd4 Rb8 30. Rd1 Rbd8 31. f3 Rb5 32. h4 gxh4 33. Rxh4
Kf5 34. Rh5+ 1-0

[Event "Let's Play Chess!"]
[Site "http://www.queenalice.com/game.php?id=428798"]
[Date "2008.7.7"]
[Round "-"]
[White "dtrainey"]
[Black "Saitosan"]
[Result "0-1"]
[WhiteElo "1501"]
[BlackElo "1771"]

1. c4 e5 2. e4 Nf6 3. Nc3 Bc5 4. a3 a6 5. Qf3 d6 6. h3 Nc6 7. Nge2 Be6 8. b4 Bb6
9. b5 axb5 10. Nxb5 Bxc4 11. a4 Bxb5 12. Bb2 Ba6 13. Ng3 Bxf1 14. Nxf1 d5 15.
Ng3 dxe4 16. Nxe4 Nxe4 17. Qxe4 Bd4 18. Bxd4 Qxd4 19. Qxd4 Nxd4 20. Ra2 Ke7 21.
d3 Ra5 22. O-O Rha8 23. f4 Rxa4 24. Rxa4 Rxa4 25. fxe5 Ra2 26. g4 b5 27. h4 b4
28. Rc1 Ne2+ 0-1

[Event "Challenge"]
[Site "http://www.queenalice.com/game.php?id=451350"]
[Date "2008.8.20"]
[Round "-"]
[White "Saitosan"]
[Black "Catao"]
[Result "0-1"]
[WhiteElo "1775"]
[BlackElo "2097"]

1. e4 c5 2. Nc3 Nc6 3. f4 e6 4. Bc4 a6 5. a4 Nge7 6. d3 d5 7. Bb3 dxe4 8. Nxe4
Nd5 9. Nf3 Be7 10. O-O O-O 11. Qe1 Nd4 12. Nxd4 cxd4 0-1